000 00656nam a2200229 i 4500
001 C2-0111813
003 PPAK
005 20180727103608.0
008 970629s1988 nyua|||| ||||| | eng d
040 _aPPAK
_beng
_cPPAK
_erda
082 0 4 _a739.27092
_223
090 0 0 _a739.27092
_bNER
_dR
100 1 _aNeret, Gilles,
_eauthor
245 1 0 _aBoucheron :
_bfour generations of a world - renowned jeweler
264 1 _aNew York :
_bRizzoli ,
_c1988
300 _a223 pages :
_billustrations ;
_c29 cm
336 _2rdacontent
_atext
337 _2rdamedia
_aunmediated
338 _2rdacarrier
_avolume
650 1 0 _aJewelers - France
942 _ddc
_cB
999 _c27956
_d27956